Statistics for Top 10 largest cities in the Baltics

Click here to take the quiz!

General Stats

  • This quiz has been taken 50 times
  • The average score is 7 of 10

Answer Stats

Which country the city is inCity% Correct
LatviaRiga
100%
LithuaniaVilnius
98%
EstoniaTallinn
96%
LithuaniaKaunas
91%
EstoniaTartu
76%
LithuaniaKlaipėda
64%
LatviaDaugavpils
58%
LatviaLiēpaja
42%
LithuaniaŠiauliai
38%
LithuaniaPanevėžys
22%

Score Distribution

Percentile by Number Answered

Percent of People with Each Score

Your Score History

You have not taken this quiz